Landmark by Pictures - A - Statistics

General Stats
  • This quiz has been taken 32 times
  • The average score is 7 of 12
Answer Stats
Picture Hint Answer % Correct
Greece Acropolis of Athens
89%
U.S. Alcatraz Island
86%
Venezuela Angel Falls
86%
Cambodia Angkor Wat
79%
Spain Alhambra
68%
France Arc de triomphe de l'Étoile
68%
Belgium Atomium
64%
Egypt Abu Simbel
46%
India Agra Fort
29%
Palestine/Israel Al-Aqsa Mosque
18%
I.R. Iran Azadi Tower
11%
Saudi Arabia Abraj Al-Bait
7%
No matching quizzes found
Score Distribution
Percent of People with Each Score
Percentile by Number Answered
Your Score History
You have not taken this quiz